| 000 | 00500nam a2200181Ia 4500 | ||
|---|---|---|---|
| 001 | 12758 | ||
| 005 | 20260306163005.0 | ||
| 008 | 260306t1993||||xx |||||||||||||| ||spa|| | ||
| 041 | _aESP | ||
| 082 |
_aRD 150.9203 _bB73 |
||
| 100 |
_aBonin, Werner F. _eAUT |
||
| 245 | 0 |
_aDiccionario de los grandes psicólogos: _bde las ciencias del espíritu a las ciencias de la conducta |
|
| 260 | _c1993 | ||
| 300 |
_a443 páginas : _c24 cm. |
||
| 650 | _aGEN | ||
| 654 | _aCPS | ||
| 942 |
_cDIC _dJUS _fJUS _2ddc _n |
||
| 999 |
_c12758 _d12758 |
||